=LDR 00000nam 2200000 4500 =001 NUTBA000000000000029 =005 20140313174727.0 =006 =007 =008 =020 ##$$a 979-456-119-3 =035 ##$$a 0010-031400000000028 =082 ##$$a 574.1 =100 ##$$a Ana, poedjiadi $c Prof,Dr =245 ##$$a Dasar - Dasar Biokimia =260 ##$$a Jakarta $b Universitas Indonesia $c 2007 =300 ##$$a xi,479hlm $b Ilus $c 25 cm =850 ##$$a BPAP PROV NTB